000 00340nam a2200133 i 4500
001 bg
100 1 _aMLECZKO, Roman.
245 0 _aKatalog układów scalonych :
_bporadnik naprawy OTNC.
_nCz. 1 /
_cRoman Mleczko.
260 _aWarszawa,
_c1992.
040 _cBPK
041 _apol
942 _cKS
008 s pl f |000 0 pol
999 _c5538
_d5538
856 _uhttp://koha.tu.koszalin.pl/cgi-bin/koha/opac-detail.pl?biblionumber=5538
_yKatalog online BPK